| 000 | 00000nam##2200000za#4500 |
| 001 | 9.644825 |
| 003 | CaOODSP |
| 005 | 20250506145324 |
| 007 | ta |
| 008 | 150407|1990||||xxc||||| f|0| 0 eng|d |
| 020 | |a0-662-17810-6 |
| 040 | |aCaOODSP|beng |
| 043 | |an-cn--- |
| 086 | 1 |aA43-1849/1990E |
| 110 | 1 |aCanada.|bAgriculture Canada. |
| 245 | 10|aField sprayers for pesticides / |cEdited by R. Grover and W. B. Reed. |
| 260 | |aOttawa - Ontario : |bAgriculture Canada |c1990. |
| 300 | |a87p. : |bfigs., graphs, references, tables ; |c23 cm. |
| 500 | |a"This publication contains information on the various types of sprayers, their components, and their efficient use. Other sections cover sprayer maintenance, drift control, and safety and health concerns."--Page 9. This publication replaces Agriculture Canada Publication 1482 Field sprayers. |
| 520 | 3 |aThis publication contains information on the various types of sprayers, their components, and their efficient use. Other sections cover sprayer maintenance, drift control, and safety and health concerns.--Page 9 |
| 563 | |aSoftcover |
| 590 | |a91-03|b1991-01-18 |
| 720 | 1 |aGrover, R. |
| 720 | 1 |aReed, W. B. |
| 775 | 08|tPulvérisateurs agricoles de pesticides / |w(CaOODSP)9.678621 |
| 776 | 0#|tField sprayers for pesticides / |w(CaOODSP)9.697815 |
| 986 | |aPublication 1849/E |